FIFA 20 Eredivisie TOTSSF - Statistics

General Stats
  • This quiz has been taken 23 times
  • The average score is 9 of 13
Answer Stats
Rating Pos. Club Answer % Correct
90 RW Feyenoord Steven Berghuis
91%
94 CDM Ajax Donny van de Beek
82%
96 CAM Ajax Hakim Ziyech
82%
92 CB Ajax Daley Blind
77%
93 LB Ajax Nicolas Tagliafico
77%
90 RB PSV Denzel Dumfries
73%
88 GK AZ Marco Bizot
68%
95 LM Ajax Quincy Promes
68%
91 CDM Ajax Lisandro Martinez
64%
88 CDM AZ Teun Koopmeiners
64%
89 ST Heracles Cyriel Dessers
55%
94 LW AZ Oussama Idrissi
45%
89 CM AZ Fredrik Midtsjo
18%
No matching quizzes found
Score Distribution
Percent of People with Each Score
Percentile by Number Answered
Your Score History
You have not taken this quiz